000 00970nam a22002417a 4500
005 20240530110431.0
008 150331s2011 ua adk g 000 0 ara d
017 _a2010/24689
_bمصر . دار الكتب المصرية
020 _a9789774557155
040 _aEG-CaGPL
082 0 4 _221
_a005.3\
_bو م
100 1 _aوانج ، والاس
245 1 0 _aمايكروسوفت اوفيس 2010 فور داميز /
_cتاليف والاس وانج ؛ الترجمة باعتماد خالد العامرى
250 _aط1
260 _aالقاهرة :
_bدار الفاروق للاستثمارات الثقافية ،
_c2011.
300 _a471 ص :
_bايض ؛
_c24 سم.
650 0 4 _aالحاسبات الالكترونية
_xبرامج
650 0 4 _aاوفيس2010 (برنامج حاسبات )
650 0 4 _aنظم المعلومات
700 0 _aخالد العامرى
_eمترجم
942 _2ddc
_cBK
999 _c60839
_d60839